South African Airways Destinations, 2025 - Statistics

General Stats
  • This quiz has been taken 33 times
  • The average score is 15 of 17
Answer Stats
Country Destination % Correct
South Africa Cape Town
100%
Nigeria Lagos
100%
Ghana Accra
96%
South Africa Durban
96%
Brazil São Paulo
96%
Tanzania Dar es Salaam
92%
D.R. Congo Kinshasa
92%
Australia Perth
92%
Mauritius Port Louis
92%
Zimbabwe Harare
88%
South Africa Johannesburg
88%
Ivory Coast Abidjan
85%
Namibia Windhoek
85%
Zambia Lusaka
81%
South Africa Port Elizabeth
69%
Zimbabwe Victoria Falls
65%
D.R. Congo Lubumbashi
50%
No matching quizzes found
Score Distribution
Percent of People with Each Score
Percentile by Number Answered
Your Score History
You have not taken this quiz